MLB, MLS, NBA, NFL or NHL? #5 - Statistics

General Stats
  • This quiz has been taken 473 times
  • The average score is 21 of 26
Answer Stats
Hint Answer % Correct
Dallas Cowboys NFL
90%
CF Montréal MLS
89%
FC Cincinnati MLS
89%
Chicago White Sox MLB
88%
Austin FC MLS
88%
Cleveland Cavaliers NBA
88%
Los Angeles Rams NFL
88%
Minnesota Timberwolves NBA
87%
Detroit Lions NFL
87%
Chicago Cubs MLB
86%
Pittsburgh Steelers NFL
86%
Minnesota Vikings NFL
86%
Las Vegas Raiders NFL
86%
Cleveland Browns NFL
85%
Toronto Blue Jays MLB
84%
Real Salt Lake MLS
82%
New York Islanders NHL
81%
Baltimore Orioles MLB
80%
Seattle Kraken NHL
80%
St. Louis Cardinals MLB
79%
Minnesota Wild NHL
78%
Pittsburgh Pirates MLB
77%
Texas Rangers MLB
74%
Los Angeles Kings NHL
72%
Seattle Sounders MLS
70%
Cleveland Indians MLB
69%
No matching quizzes found
Score Distribution
Percent of People with Each Score
Percentile by Number Answered
Your Score History
You have not taken this quiz